000 00701nam a22001937a 4500
999 _c20490
_d20490
003 AR-CdUCM
008 190530b ||||| |||| 00| 0 spa d
040 _aMUNICIPALIDAD PROVINCIAL DEL CUSCO
_cBIBLIOTECA MUNICIPAL DEL CUSCO
082 _a985.552 /
_bO28
100 _aOrtiz, Dionisio P.
_942834
245 _aOxapampa :
_bestudio de una provincia de la selva del Perú /
260 _aLima :
_bEdit. San Antonio,
_c1967.
300 _a478 páginas ;
_c25 cm.
505 _aContenido: t.2: Distrito de Chontabamba -- Distrito de Huancabamba -- La región del Palcazu y Chuchurras...
650 _aMisiones
_9900
650 _aFranciscanos
_9899
942 _2ddc
_cLIBROS
945 _adavv
_d2019-05-30